000 01462cam a2200337 a 4500
001 BD-DhSAU 4439
003 BD-DhSAU
005 20150222104232.0
008 150218s2012 enk ob 001 0 eng d
020 _a9780199600854 (hbk.)
020 _a0199600856 (hbk.)
040 _aBD-DhSAU
082 _222
_a-
_b-
100 1 _aClark, Gordon L.
210 1 0 _aSaving for retirement
245 1 0 _aSaving for retirement
_h[electronic resource] :
_bintention, context, and behavior /
_cGordon L. Clark, Kendra Strauss, and Janelle Knox-Hayes.
260 _aOxford ;
_aNew York :
_bOxford University Press,
_cc2012.
500 _aOxford scholarship online Business and Management
504 _aIncludes bibliographical references (p. 172-190) and indexes.
506 _aLicense restrictions may limit access.
590 _aroy
650 0 _aPensions.
650 0 _aRetirement income
_xPlanning
_xPsychological aspects.
650 0 _aFinance, Personal
_xDecision making.
700 1 _aStrauss, Kendra,
_d1975-
700 1 _aKnox, Janelle Kallie,
_d1983-
773 0 _tOxford Scholarship Online Business and Management
856 4 0 _uhttp://www.oxfordscholarship.com/view/10.1093/acprof:oso/9780199600854.001.0001/acprof-9780199600854?rskey=d5L09K&result=73
856 4 0 _u http://doi.org/10.1093/acprof:oso/9780199600854.001.0001
910 _aLibrary of Congress record
942 _2ddc
_cOnline book
999 _c4439
_d4439